| 000 | 00528nab a2200145Ia 4500 | ||
|---|---|---|---|
| 003 | ES-SlBCS | ||
| 005 | 20210601135119.0 | ||
| 008 | 140529s1985 xxu||||| |||| 00| 0 spa d | ||
| 041 | _aspa | ||
| 100 | 1 |
_aVilches de Frutos, María Francisca _9227862 |
|
| 245 | 0 | 2 |
_aA la altura de las circunstancias o la inmersión del hombre en la historia _c María Francisca Vilches De Frutos |
| 650 | 0 | 4 |
_aHistoria _92130 |
| 773 | 0 |
_tBoletin de la Biblioteca Menendez Pelayo _gvol. 61, nº. 1-2-3-4, 1985, págs. 331-353 _wRev88 |
|
| 942 | _cAR | ||
| 999 |
_c623162 _d623162 |
||